Η συμβολή του αγροτουρισμού στην αειφόρο και περιφερειακή ανάπτυξη του αγροτικού χώρου: "Η περίπτωση των αγροτουριστικών εκμεταλλεύσεων της Μεσσηνίας" : μεταπτυχιακή εργασία

Αποθηκεύτηκε σε:
Λεπτομέρειες βιβλιογραφικής εγγραφής
Κύριος συγγραφέας: Κοτσώρη, Σοφία
Συγγραφή απο Οργανισμό/Αρχή: Πανεπιστήμιο Αιγαίου Σχολή Επιστημών της Διοίκησης Τμήμα Διοίκησης Επιχειρήσεων Πρόγραμμα Μεταπτυχιακών Σπουδών "Σχεδιασμός, Διοίκηση και Πολιτική του Τουρισμού"
Άλλοι συγγραφείς: Λαγός, Δημήτρης Γ. (Εισηγητής διατριβής)
Μορφή: Thesis Βιβλίο
Γλώσσα:Greek
Δημοσίευση: 2003
Θέματα:
Ετικέτες: Προσθήκη ετικέτας
Δεν υπάρχουν, Καταχωρήστε ετικέτα πρώτοι!

MARC

LEADER 00000cam a2200000 i 4500
001 1/47961
008 040203s2003 gre d
035 |l 10072168 
040 |a GR-MY-UA  |b gre  |e aacr 
041 0 |a gre 
082 0 |a 338.47910949522  |2 (22) 
100 1 |a Κοτσώρη, Σοφία. 
245 1 2 |a Η συμβολή του αγροτουρισμού στην αειφόρο και περιφερειακή ανάπτυξη του αγροτικού χώρου: "Η περίπτωση των αγροτουριστικών εκμεταλλεύσεων της Μεσσηνίας" :  |b μεταπτυχιακή εργασία /  |c Κοτσώρη Κ. Σοφία ; επιβλέπων: Λαγός Δημήτριος 
260 |c 2003 
300 |a 112 σ.;  |b διαγρ., πίν.;  |c 30 εκ. 
502 |a Διατριβή (μεταπτυχιακή) – Πανεπιστήμιο Αιγαίου, Χίος, 2003. 
504 |a Περιλαμβάνει βιβλιογραφία 
610 2 0 |a Πανεπιστήμιο Αιγαίου. 
650 0 0 |a Agritourism. 
650 0 0 |a Tourism  |z Greece  |z Messenia. 
650 0 0 |a Rural development  |z Greece  |z Messenia. 
650 0 |a Agriculture  |x Economic aspects  |z Greece  |z Messenia. 
650 0 0 |a Dissertations, Academic  |z Greece. 
700 1 |4 ths  |a Λαγός, Δημήτρης Γ. 
710 2 |a Πανεπιστήμιο Αιγαίου  |b Σχολή Επιστημών της Διοίκησης  |b Τμήμα Διοίκησης Επιχειρήσεων  |b Πρόγραμμα Μεταπτυχιακών Σπουδών "Σχεδιασμός, Διοίκηση και Πολιτική του Τουρισμού". 
852 |a INST  |b CHIOS  |c DIATR  |e 20040217  |h 338.47910949522 ΚΟΤ  |p 005200012678  |q 005200012678  |t MTXE  |y 23 
852 |a INST  |b CHIOS  |c DIATR  |e 20040203  |h 338.47910949522 ΚΟΤ  |p 005200012679  |q 005200012679  |t MTXE  |y 23 
901 |a BIBL2-2004-1 
909 |a Χ  |b 107896 
909 |a Χ  |b 108582 
924 |a ΚΟΤΣΩΡΗ  |b ΣΟΦΙΑ  |y ΧΙΟΣ  |z 2004-01 
970 |a ΠΟΥΛΑΚΗ  |b ΠΑΝΩΡΑΙΑ  |z 2004/02/03